000 007760000a22002050004500
020 _a84-89389-12-8
041 0 _aSPA
082 0 4 _aG 261.873 B8641b
100 1 _aBrock, Peter
245 1 0 _aBreve historia del pacifismo : Desde la época del Nuevo Testamento hasta la Primera Guerra Mundial / Peter Brock; Alfredo Tepox Varela, Traductor
260 _aMéxico : [S. N.]
300 _a92 Pag
505 0 0 _a- La no resistencia anabaptista-menonita - El testimonio cuáquero - Los cuáqueros, los menonitas y los Hermanos - El pacifismo no sectario: los moderados y los radicales
650 1 4 _aPACIFISMO \ NO-VIOLENCIA
001 13373
942 _cBK
999 _c42353
_d42353
336 _atexto
_btxt
_2rdacontent
337 _2rdamedia
_asin mediación
_bn
338 _2rdacarrier
_avolumen
_bnc